000
00295nam a2200109Ia 4500
008
230907s9999||||xx |||||||||||||| ||und||
082
_a
332.6323
_b
DEB
245
4
_a
The debt market /
260
_a
Edward Elgar,
_b
Cheltenham, UK ; | Northampton, MA, USA :
_c
2000
300
_a
3 v. :
942
_c
BK
999
_c
600127
_d
600127